Adaptácia hradu Oponice pre kultúrno-spoločenské využitie.

Na minha lista:
Detalhes bibliográficos
Autor principal: Minárechová, Soňa (Author)
Outros Autores: Gregorová, Jana (Thesis advisor)
Formato: Manuscrito Livro
Idioma:eslovaco
Publicado em: 2018
Assuntos:
Acesso em linha:http://is.stuba.sk/zp/portal_zp.pl?podrobnosti=137775
https://opac.crzp.sk/?fn=detailBiblioForm&sid=752BE197E3AE405D4188F679404B
Tags: Adicionar Tag
Sem tags, seja o primeiro a adicionar uma tag!

MARC

LEADER 00000ntm a22000003a 4500
001 stuzp68553
003 SK-STU
005 20230626104118.8
007 ta
008 150427s2015----xo-----f-mn---000-0-slo-d
040 |a STU  |b slo 
041 0 |a slo 
100 1 |a Minárechová, Soňa  |u 010310  |4 aut  |U SvF Stavebná fakulta  |T SvF Katedra architektúry  |X 55677  |U V181|V310  |Y 19  |7 55677 
242 0 1 |a Adaptation of the castle Oponice for cultural and social purposes  |y eng 
245 1 0 |a Adaptácia hradu Oponice pre kultúrno-spoločenské využitie. 
260 |c 2018 
650 4 |a hrad  |2 slo 
650 4 |a Oponice  |2 slo 
650 4 |a adaptácia  |2 slo 
650 4 |a castle  |2 eng 
650 4 |a adaptation  |2 eng 
650 4 |a Oponice  |2 eng 
700 1 |a Gregorová, Jana  |u 010310  |k Z1  |4 ths  |U SvF Stavebná fakulta  |T SvF Katedra architektúry  |X 420  |U V181|V310  |Y 19  |7 A000000420 
856 4 |u http://is.stuba.sk/zp/portal_zp.pl?podrobnosti=137775 
856 4 |u https://opac.crzp.sk/?fn=detailBiblioForm&sid=752BE197E3AE405D4188F679404B